| 000 | 00439nam a2200193Ia 4500 | ||
|---|---|---|---|
| 003 | OSt | ||
| 005 | 20260203105133.0 | ||
| 008 | 250729s1900 xx 000 0 und d | ||
| 040 | _cAL | ||
| 041 | _aeng | ||
| 082 | _a306 DSOH | ||
| 100 |
_aD'Souza S J Lawrence _9228348 |
||
| 245 | _aHakki pikkies | ||
| 260 | _aMangalore | ||
| 300 | _a120p | ||
| 650 |
_aSociology _9228349 |
||
| 700 |
_aD'o Digumurthi _9228350 |
||
| 942 |
_2ddc _cBED |
||
| 999 |
_c237967 _d237967 |
||